000
00329nam a22001337a 4500
008
241130b |||||||| |||| 00| 0 eng d
022
_a
9772278044000
041
_a
Eng
245
_a
Forbes India
260
_a
Mumbai
_b
Network18 Media & Investment
_c
2024
300
_a
116;. P.
856
_u
www.forbesindia.com
942
_c
SR
_s
1
999
_c
43155
_d
43155